000 00610cam a2200229 a 4500
001 2942219
005 20180918083034.0
008 900830s1991 nyua b 001 0 eng
010 _a 90013407
020 _a0023647930
040 _aDLC
_cDLC
_dDLC
041 _aeng
080 _a575.1 KLU
082 0 0 _a575.1 KLU
_220
100 1 _a6
101 _aGJEN
245 1 0 _aConcepts of genetics /
_cWilliam S. Klug, Michael R. Cummings.
504 _aIncludes bibliographical references and index.
906 _a7
_bcbc
_corignew
_d1
_eocip
_f19
_gy-gencatlg
942 _2ddc
_cBK
999 _c47952
_d47952